市区町村別人口密度ランキングTOP100 - Statistics

General Stats
  • This quiz has been taken 39 times
  • The average score is 86 of 100
Answer Stats
順位 都道府県 人口密度 市区町村 % Correct
1位 東京都 23761.41 豊島区
100%
7位 東京都 19617.67 新宿区
100%
11位 東京都 18173.56 中央区
100%
14位 東京都 16271.18 世田谷区
100%
15位 東京都 16196.96 渋谷区
100%
16位 東京都 15755.49 練馬区
100%
17位 埼玉県 14680.23 蕨市
100%
18位 東京都 13919.66 江戸川区
100%
25位 東京都 12539.17 江東区
100%
26位 大阪府 12389.75 大阪市
100%
27位 東京都 12145.33 大田区
100%
49位 神奈川県 8605.21 横浜市
100%
67位 愛知県 7141.26 名古屋市
100%
70位 東京都 6949.36 多摩市
100%
84位 東京都 5884.99 千代田区
100%
2位 東京都 22531.49 中野区
97%
3位 東京都 22142.24 台東区
97%
4位 東京都 21988.31 文京区
97%
5位 東京都 21919.98 荒川区
97%
9位 東京都 18703.72 品川区
97%
12位 東京都 17624.79 北区
97%
13位 東京都 17435.88 杉並区
97%
20位 東京都 13193.66 港区
97%
21位 東京都 13178.03 西東京市
97%
35位 神奈川県 10854.70 川崎市
97%
36位 千葉県 9975.88 浦安市
97%
48位 千葉県 8693.99 市川市
97%
61位 千葉県 7570.82 船橋市
97%
63位 沖縄県 7485.60 那覇市
97%
10位 東京都 18373.31 板橋区
94%
23位 東京都 13612.22 足立区
94%
28位 東京都 11931.91 三鷹市
94%
29位 東京都 11549.56 国分寺市
94%
38位 埼玉県 9598.85 川口市
94%
39位 東京都 9425.28 国立市
94%
52位 千葉県 8138.37 松戸市
94%
53位 大阪府 7856.22 東大阪市
94%
6位 東京都 20615.76 墨田区
91%
8位 東京都 10564.21 目黒区
91%
19位 東京都 13733.06 武蔵野市
91%
22位 東京都 13176.41 葛飾区
91%
24位 東京都 13077.93 狛江市
91%
30位 東京都 11332.62 調布市
91%
60位 東京都 7610.14 立川市
91%
77位 埼玉県 6224.12 さいたま市
91%
80位 東京都 6042.99 町田市
91%
90位 大阪府 5385.17 堺市
91%
34位 大阪府 10909.23 吹田市
89%
37位 東京都 9771.33 小平市
89%
41位 埼玉県 9096.69 草加市
89%
42位 大阪府 9052.79 寝屋川市
89%
44位 兵庫県 8957.06 尼崎市
89%
45位 東京都 8955.01 府中市
89%
50位 千葉県 8397.76 習志野市
89%
64位 東京都 7462.66 清瀬市
89%
72位 神奈川県 6874.48 茅ヶ崎市
89%
74位 神奈川県 6379.49 藤沢市
89%
81位 千葉県 6027.77 流山市
89%
82位 大阪府 5989.63 枚方市
89%
33位 大阪府 10941.06 豊中市
86%
43位 神奈川県 9011.18 大和市
86%
68位 東京都 6957.79 日野市
86%
31位 東京都 11309.20 小金井市
83%
46位 東京都 8902.41 東久留米市
83%
47位 東京都 8880.34 東村山市
83%
54位 埼玉県 7851.04 朝霞市
83%
59位 埼玉県 7684.06 和光市
83%
91位 神奈川県 5313.13 海老名市
83%
32位 大阪府 11050.67 守口市
80%
51位 埼玉県 8298.45 志木市
80%
57位 埼玉県 7754.92 ふじみ野市
80%
62位 神奈川県 7503.59 座間市
80%
78位 兵庫県 6202.25 明石市
80%
93位 東京都 5288.15 稲城市
80%
94位 埼玉県 5237.46 八潮市
80%
76位 東京都 6230.92 東大和市
77%
79位 大阪府 6201.15 八尾市
77%
88位 東京都 5511.22 福生市
77%
99位 埼玉県 5007.62 上尾市
77%
40位 大阪府 9384.55 門真市
74%
55位 埼玉県 7814.35 戸田市
74%
56位 兵庫県 7800.20 伊丹市
74%
69位 大阪府 6951.07 藤井寺市
74%
73位 東京都 6649.42 昭島市
74%
86位 埼玉県 5274.43 富士見市
74%
87位 埼玉県 5625.30 越谷市
74%
89位 東京都 5434.14 羽村市
74%
98位 兵庫県 5009.47 芦屋市
74%
83位 沖縄県 5945.78 浦添市
71%
85位 大阪府 5859.05 摂津市
71%
58位 福岡県 7746.93 春日市
69%
66位 京都府 7231.61 向日市
69%
97位 沖縄県 5069.09 宜野湾市
69%
65位 埼玉県 7295.61 新座市
66%
71位 大阪府 6896.34 松原市
66%
96位 大阪府 5077.74 泉大津市
66%
75位 大阪府 6331.80 大東市
60%
92位 福岡県 5308.63 志免町
60%
95位 千葉県 5202.75 鎌ケ谷市
57%
100位 愛知県 5002.73 大治町
31%
No matching quizzes found
Score Distribution
Percent of People with Each Score
Percentile by Number Answered
Your Score History
You have not taken this quiz